<?xml version="1.0" encoding="UTF-8"?>
<record
    xmlns:xsi="http://www.w3.org/2001/XMLSchema-instance"
    xsi:schemaLocation="http://www.loc.gov/MARC21/slim http://www.loc.gov/standards/marcxml/schema/MARC21slim.xsd"
    xmlns="http://www.loc.gov/MARC21/slim">

  <leader>00832nma a22002057a 4500</leader>
  <controlfield tag="006">g           q   ||</controlfield>
  <datafield tag="999" ind1=" " ind2=" ">
    <subfield code="c">65416</subfield>
    <subfield code="d">65416</subfield>
  </datafield>
  <controlfield tag="005">20210423144523.0</controlfield>
  <controlfield tag="008">      s2553    th                  tha d</controlfield>
  <datafield tag="040" ind1=" " ind2=" ">
    <subfield code="a">NALT</subfield>
  </datafield>
  <datafield tag="041" ind1=" " ind2=" ">
    <subfield code="a">tha</subfield>
  </datafield>
  <datafield tag="090" ind1=" " ind2=" ">
    <subfield code="a">CD1848/1, CD1848/2</subfield>
  </datafield>
  <datafield tag="100" ind1="0" ind2=" ">
    <subfield code="a">&#xE1B;&#xE23;&#xE30;&#xE2A;&#xE34;&#xE17;&#xE18;&#xE34;&#xE4C; &#xE40;&#xE2D;&#xE01;&#xE1A;&#xE38;&#xE15;&#xE23;</subfield>
    <subfield code="9">20119</subfield>
  </datafield>
  <datafield tag="245" ind1="1" ind2="0">
    <subfield code="a">&#xE20;&#xE32;&#xE04;&#xE1C;&#xE19;&#xE27;&#xE01; &#xE40;&#xE17;&#xE04;&#xE19;&#xE34;&#xE04;&#xE01;&#xE0E;&#xE2B;&#xE21;&#xE32;&#xE22;&#xE43;&#xE19;&#xE01;&#xE32;&#xE23;&#xE01;&#xE33;&#xE2B;&#xE19;&#xE14;&#xE02;&#xE2D;&#xE1A;&#xE19;&#xE2D;&#xE01;&#xE02;&#xE2D;&#xE07;&#xE44;&#xE2B;&#xE25;&#xE48;&#xE17;&#xE27;&#xE35;&#xE1B; [CD-ROM] /</subfield>
    <subfield code="h">&#xE1B;&#xE23;&#xE30;&#xE2A;&#xE34;&#xE17;&#xE18;&#xE34;&#xE4C; &#xE40;&#xE2D;&#xE01;&#xE1A;&#xE38;&#xE15;&#xE23;.</subfield>
  </datafield>
  <datafield tag="260" ind1=" " ind2=" ">
    <subfield code="a">&#xE01;&#xE23;&#xE38;&#xE07;&#xE40;&#xE17;&#xE1E;&#xE2F; : </subfield>
    <subfield code="b">&#xE27;&#xE34;&#xE0D;&#xE0D;&#xE39;&#xE0A;&#xE19;, </subfield>
    <subfield code="c">2553.</subfield>
  </datafield>
  <datafield tag="300" ind1=" " ind2=" ">
    <subfield code="a">1 &#xE41;&#xE1C;&#xE48;&#xE19; :</subfield>
    <subfield code="b"> Col.</subfield>
  </datafield>
  <datafield tag="650" ind1=" " ind2="4">
    <subfield code="a">&#xE44;&#xE2B;&#xE25;&#xE48;&#xE17;&#xE27;&#xE35;&#xE1B;</subfield>
    <subfield code="9">33248</subfield>
  </datafield>
  <datafield tag="850" ind1=" " ind2=" ">
    <subfield code="a">NALT</subfield>
  </datafield>
  <datafield tag="942" ind1=" " ind2=" ">
    <subfield code="c">CD</subfield>
    <subfield code="2">local</subfield>
  </datafield>
  <datafield tag="998" ind1=" " ind2=" ">
    <subfield code="j">109</subfield>
    <subfield code="k"> &#xE2D;&#xE32;&#xE23;&#xE35;&#xE23;&#xE31;&#xE15;&#xE19;&#xE4C; &#xE27;&#xE34;&#xE0A;&#xE32;&#xE0A;&#xE48;&#xE32;&#xE07;</subfield>
  </datafield>
  <datafield tag="952" ind1=" " ind2=" ">
    <subfield code="0">0</subfield>
    <subfield code="1">0</subfield>
    <subfield code="2">local</subfield>
    <subfield code="4">0</subfield>
    <subfield code="7">0</subfield>
    <subfield code="8">CAV</subfield>
    <subfield code="a">NALT</subfield>
    <subfield code="b">NALT</subfield>
    <subfield code="e">&#xE1A;&#xE23;&#xE34;&#xE08;&#xE32;&#xE04;</subfield>
    <subfield code="l">0</subfield>
    <subfield code="o">CD 1848/1, CD1848/2</subfield>
    <subfield code="p">3961180488</subfield>
    <subfield code="r">2017-06-09 00:00:00</subfield>
    <subfield code="w">2017-06-09</subfield>
    <subfield code="y">CD</subfield>
  </datafield>
  <datafield tag="952" ind1=" " ind2=" ">
    <subfield code="0">0</subfield>
    <subfield code="1">0</subfield>
    <subfield code="2">local</subfield>
    <subfield code="4">0</subfield>
    <subfield code="7">0</subfield>
    <subfield code="8">CAV</subfield>
    <subfield code="a">NALT</subfield>
    <subfield code="b">NALT</subfield>
    <subfield code="e">&#xE1A;&#xE23;&#xE34;&#xE08;&#xE32;&#xE04;</subfield>
    <subfield code="l">0</subfield>
    <subfield code="o">CD 1848/1, CD1848/2</subfield>
    <subfield code="p">3961180485</subfield>
    <subfield code="r">2017-06-09 00:00:00</subfield>
    <subfield code="w">2017-06-09</subfield>
    <subfield code="y">CD</subfield>
  </datafield>
</record>
